000 00626nam a2200229Ia 4500
003 OSt
005 20221006164541.0
006 a|||||r|||| 00| 0
007 ta
008 221006b |||||||| |||| 00| 0 hin d
024 _a4,271
037 _cTextual
040 _aFML
_cFML
_bhin
041 _2hin
_ahin
082 _aO15:gxE00,1:g, 152K5
100 _aAacharya Goverdhan Au.
_9677744
245 0 _aAarya Saptashati
260 _aVaranasi
_bChaukhambha India
_c1965
300 _a371
_ccm.
942 _hO15:gxE00,1:g, 152K5
_cTEXL
_2CC
999 _c1117627
_d1117627